| 000 | 00514nam a2200181 4500 | ||
|---|---|---|---|
| 001 | 121759 | ||
| 003 | ES-MaACL | ||
| 005 | 20230906191822.0 | ||
| 007 | t| | ||
| 008 | 070214s1966 sp r ||||1| spa d | ||
| 100 | 1 |
_aPlé, Albert. _992639 |
|
| 245 | 1 | 0 |
_aVida afectiva y castidad / _cAlbert Ple ; traductor José Mª Baguñá. |
| 250 | _a1ª ed. | ||
| 260 |
_aBarcelona : _bEstela, _c1966. |
||
| 300 |
_a286 p. ; _c18 cm. |
||
| 700 | 1 |
_aBaguñá, José María. _924655 |
|
| 852 |
_aES-MaACL _jC-31372 _bR.70244 |
||
| 999 |
_c121759 _d121759 |
||